Selling Science: How to Use Business Skills to Win Support for Scientific Research /
Gespeichert in:
| Hauptverfasser: | , |
|---|---|
| Format: | Buch |
| Sprache: | Englisch |
| Veröffentlicht: |
London:
World Scientific Publishing Europe,
2019
|
| Ausgabe: | 1st Edition |
| Schlagworte: | |
| Tags: |
Keine Tags, Fügen Sie das erste Tag hinzu!
|
MARC
| LEADER | 00000nam a22000003a 4500 | ||
|---|---|---|---|
| 001 | 0101496 | ||
| 003 | SK-STU | ||
| 005 | 20231212093343.0 | ||
| 007 | ta | ||
| 008 | 230424s ----xo-----e------000-0-----d | ||
| 020 | |a 9781786345738 | ||
| 040 | |a STU |b slo | ||
| 041 | 0 | |a eng |h eng | |
| 044 | |a xxk | ||
| 100 | 1 | |a Judge, Steven |4 aut |r Z6 | |
| 245 | 1 | 0 | |a Selling Science: |b How to Use Business Skills to Win Support for Scientific Research / |c aut. Steven Judge, Richard Lucas |
| 250 | |a 1st Edition | ||
| 260 | |a London: |b World Scientific Publishing Europe, |c 2019 | ||
| 300 | |a 116 s. | ||
| 500 | |a E-book | ||
| 650 | 0 | 7 | |a marketing |
| 650 | 0 | 7 | |a marketing communication |
| 650 | 0 | 7 | |a Scientific Writing Guides Collection |
| 650 | 0 | 7 | |a e-kniha |
| 700 | 1 | |a Lucas, Richard |r Z6 |4 aut | |
| 996 | |c V* 11/EK |l VVT |s A |a 24 |w 0101496_0001 | ||